Studies in the history of mathematical logic /

Guardado en:
Autor Corporativo: Instytut Filozofii i Socjologii (Polska Akademia Nauk)
Otros Autores: Surma, Stanislaw J. (Editor )
Formato: Libro
Idioma:English
Publicado: Wroclaw : Zaklad Narodowy im. Ossolinskich, 1973.
Etiquetas: Agregar Etiqueta
Sin Etiquetas, Sea el primero en etiquetar este registro!
LEADER 00754cam a2200193 a 4500
001 MAT.inmabb002260
008 731005s1973####pl#######b####000#0#eng#d
005 20160317173249.0
245 0 0 |a Studies in the history of mathematical logic /  |c edited by Stanislaw J. Surma. 
260 |a Wroclaw :  |b Zaklad Narodowy im. Ossolinskich,  |c 1973. 
300 |a 288 p. ;  |c 25 cm. 
500 |a Cab. port.: Polish Academy of Sciences. Institute of Philosophy and Sociology. 
504 |a Incluye referencias bibliográficas. 
510 4 |a MR,  |c 56 #5193 
700 1 |a Surma, Stanislaw J.  |4 edt 
710 2 |a Instytut Filozofii i Socjologii (Polska Akademia Nauk) 
084 |a 03-03 (03-06 01A55 01A60)  |2 msc2000 
010 |a  73170578  
859 |h 03  |i St933h  |p A-8083  |b BIB. MATEMATICA